| 000 | 00562nam a2200217 a 4500 | ||
|---|---|---|---|
| 001 | 0001-2094 | ||
| 003 | ELIB.Books | ||
| 008 | 190723 2010 eng | ||
| 020 | _a0736910786 | ||
| 092 |
_a261.2 _bAnk |
||
| 100 | _aAnkerberg, John. | ||
| 245 | _aThe Facts on World Religions | ||
| 260 |
_aEugene, Oregon _bHarvest House Publishers _c2004 |
||
| 300 |
_a64 _c20.5cm |
||
| 650 | _aReligions | ||
| 856 |
_nKBTS Library _uKBTS Elib |
||
| 942 |
_2ddc _cBK |
||
| 990 | _a2 | ||
| 998 |
_aEnglishbooks.elf _ccat _e2019-07-23 |
||
| 999 |
_c12094 _d12094 |
||